ბათუმის შოთა რუსთაველის სახელმწიფო უნივერსიტეტის ბიბლიოთეკა

ლექსები, პოემები (ბიბ.ჩანაწერი № 48990)

000 -LEADER
fixed length control field 01552nam a2200217Ia 4500
001 - CONTROL NUMBER
control field 15895
003 - CONTROL NUMBER IDENTIFIER
control field GE_BSU
008 - FIXED-LENGTH DATA ELEMENTS--GENERAL INFORMATION
fixed length control field 181216s||||||||xx |||||||||||||| ||und||
040 ## - CATALOGING SOURCE
Transcribing agency GE_BSU
080 ## - UNIVERSAL DECIMAL CLASSIFICATION NUMBER
Universal Decimal Classification number 821.353.1-1 + 821.353.1-11
100 ## - MAIN ENTRY--PERSONAL NAME
Personal name ჭავჭავაძე, ი. (ილია, 1837-1907)
245 ## - TITLE STATEMENT
Title ლექსები, პოემები
245 ## - TITLE STATEMENT
Statement of responsibility, etc. შემდგ.: დ. ალანია, ნ. გურგენიძე ; წინასიტყვ. ავტ.: ს. ცაიშვილი.რედ. ი. ქემერტელიძე. მხ. დ. დუნდუა
260 ## - PUBLICATION, DISTRIBUTION, ETC.
Place of publication, distribution, etc. თბილისი
260 ## - PUBLICATION, DISTRIBUTION, ETC.
Name of publisher, distributor, etc. საბჭ. საქართველო
260 ## - PUBLICATION, DISTRIBUTION, ETC.
Date of publication, distribution, etc. 1989
300 ## - PHYSICAL DESCRIPTION
Extent 189გვ. : პორტრ. ; 10სმ
653 ## - INDEX TERM--UNCONTROLLED
Uncontrolled term პასუხის პასუხი; ბაზალეთის ტბა; პოემები; აჩრდილი; ქართვლის დედა; მეფე დიმიტრი თავდადებული; განდეგილი
653 ## - INDEX TERM--UNCONTROLLED
Uncontrolled term ყვარლის მთებს; დაე თუნდ მოვკვდე; ბევრი ვიტანჯე; მუშა; ქართველი სტუდენტების სიმღერა; გაზაფხული; გ. აბს... რა ვაკეთეთ, რას ვშვრებოდით ანუ საქართველოს ისტორია მეცხრამეტე საუკუნისა;
942 ## - ADDED ENTRY ELEMENTS (KOHA)
Koha item type წიგნი
ეგზემპლარები
Withdrawn status Lost status Damaged status Not for loan Date acquired Barcode Date last seen Price effective from Koha item type
        2018-12-17 39155 2018-12-17 2018-12-17 წიგნი